Libro del Lenguaje. Periodo de Enseñanza Elemental (Primer Ciclo).

Saved in:
Bibliographic Details
Main Author: Blanco Hernando, Quiliano. Autor
Format: Unknown
Language:Spanish
Published: Plasencia (Cáceres) Sánchez Rodrigo 1956
Textbook Catalogue:MANES:  Library Catalog Search Result
Textbook Classification:
Tags: Add Tag
No Tags, Be the first to tag this record!
Added to:2016-04-26
Changed in:2025-05-07

MARC

LEADER 000000000a22000000004500
001 08439
003 OSt
005 20250507133331.0
008 160427s sp ||||| |||| 00| 0 spa d
040 |c centro_manes 
041 1 |a spa 
561 |5 es-CICE  |a España. Centro Internacional de la Cultura Escolar  |k MANES 
691 0 |a PRI 
100 1 |a Blanco Hernando, Quiliano. Autor  |9 3307 
245 0 0 |a Libro del Lenguaje. Periodo de Enseñanza Elemental (Primer Ciclo). 
260 3 |a Plasencia (Cáceres)  |b Sánchez Rodrigo  |c 1956 
300 |a 201 p.  |c 19,5 x 14 cm 
500 |a EDAD:678  |a Editado en Cartoné. 
690 0 |a LEN 
942 |2 ddc  |c BK 
546 |a España 
999 |c 14413  |d 14413 
999 |c manes:14413  |d 14413